Toques y retoques. Reflexiones sobre la enseñabilidad de los instrumentos de cuerda tradicionales andinos de Colombia.

Guardado en:
Detalles Bibliográficos
Otros Autores: Rendón Marín, Héctor Vidal (Editor), Tóbon Restrepo, Alejandro (Editor)
Formato: Libro
Publicado: Medellín, Colombia: Universidad de Antioquia, Facultad de Artes, Grupo de Investigación Valores Musicales Regionales, 2015.
Materias:
Etiquetas: Agregar Etiqueta
Sin Etiquetas, Sea el primero en etiquetar este registro!

MARC

LEADER 00000nam a22000007a 4500
003 CL-VaPUC
005 20221111125634.0
008 220928t2015 ||||| |||| 00| 0 eng d
999 |c 438987  |d 438985 
020 |a 978-958-8890-92-0 
040 |c Pontificia Universidad Católica de Valparaíso 
082 0 4 |2 22  |a 787.6 REN 2015 
100 1 |a Rendón Marín, Héctor Vidal   |e editor  |9 877364 
245 1 0 |a Toques y retoques.  |b Reflexiones sobre la enseñabilidad de los instrumentos de cuerda tradicionales andinos de Colombia. 
260 |a Medellín, Colombia:  |b Universidad de Antioquia, Facultad de Artes, Grupo de Investigación Valores Musicales Regionales,  |c 2015. 
300 |a 258 páginas. 
500 |a c.1. Donación profesora Laura Jordán. Memo Mus 14/09/2022. 
500 |a Esta publicación constituye las Memorias del II Seminario Nacional sobre Músicas regionales: Enseñabilidad de la bandola, el tiple y la guitarra, realizado en la ciudad de Medellín, Colombia, entre el 3 y el 5 de Septiembre de 2014, en desarrollo del proyecto de investigación Agrupaciones de cuerdas andinas en Antioquia. Diálogo entre las tradiciones populares y académicas, 1979-2012, Colciencias - Universidad de Antioquia. 
583 |c 20220928  |k Catalogador Asistente 
650 1 |a Instrumentos de cuerda  |x Triple  |9 877367  |z Colombia 
650 1 |a Instrumentos de cuerda  |x Bandola  |9 877368  |z Colombia 
650 1 |a Instrumentos de cuerda  |x Guitarra  |9 877369  |z Colombia 
650 1 |a Instrumentos de cuerda  |x Requinto  |9 877370  |z Colombia 
650 1 |a Música andina  |x Enseñanza  |z Colombia  |9 877371 
700 |a Tóbon Restrepo, Alejandro  |e editor  |9 877185 
942 |2 ddc  |c BK 
952 |0 0  |1 0  |2 ddc  |4 0  |6 787_600000000000000_REN_2015  |7 0  |8 A  |9 586883  |a BIBEDU  |b BIBEDU  |c GEN  |d 2022-09-28  |e Donación  |i 5654840  |o 787.6 REN 2015  |p 5654840  |r 2023-01-12  |t 1  |w 2022-09-28  |y BK  |k MUS